[Event "Groningen"]
[Site "Groningen"]
[Date "1989.??.??"]
[Round "?"]
[White "Brenninkmeijer, Joris"]
[Black "Azmaiparashvili, Zurab"]
[Result "1/2-1/2"]
[WhiteElo "2445"]
[BlackElo "2575"]
[Annotator "Ribli,Z"]
[PlyCount "87"]
[EventDate "1989.12.??"]
[EventType "tourn"]
[EventRounds "9"]
[EventCountry "NED"]
[EventCategory "11"]
[SourceTitle "CBM 016"]
[Source "ChessBase"]
[SourceDate "1990.06.01"]
[SourceVersion "1"]
[SourceVersionDate "1990.06.01"]
[SourceQuality "1"]

1. d4 d6 2. Nf3 g6 3. c4 Bg7 4. Nc3 e5 5. e4 exd4 6. Nxd4 Nc6 7. Be3 Nge7 8.
Be2 (8. h4 $5 h6 $6 {8...f5!?} 9. Be2 f5 10. exf5 Nxf5 11. Nxf5 Bxf5 12. Qd2
Qd7 $6 {12...Qf6!?} 13. O-O O-O-O 14. b4 Nxb4 {14...Kb8 15.b5,Ne5 16.Nd5,g5 17.
a4 +/- Schoen,W-Danner,G  Budapest Elekes 1989 CBM/14} 15. Nb5 Nc2 16. Bf3 $1 {
Kasparov-Speelman  Barcelona 1989 47/78 CBM/12  +/-}) 8... O-O 9. Qd2 f5 10.
exf5 Nxf5 (10... Bxd4 11. Bxd4 Nxf5 12. Be3 Nxe3 13. Qxe3 Qf6 14. Rd1 Bg4 15.
f3 Rae8 16. Qf2 Bf5 {Barbero,G-Mohr,S  Debrecen 1989 CBM/14   =}) 11. Nxf5 Bxf5
12. O-O Qf6 13. Rad1 Kh8 14. Bg5 Qf7 15. Bh6 Bxh6 16. Qxh6 Rae8 17. Qd2 b6 18.
b3 Qg7 19. f4 a5 20. Bf3 Nb4 21. h3 Na6 22. Bc6 Re7 23. Rde1 Nb4 24. Rxe7 Qxe7
25. Re1 Qg7 26. Be4 Bd7 27. Bf3 Re8 28. Rxe8+ Bxe8 29. Qe3 Bd7 30. Nd5 Nxd5 31.
cxd5 h5 32. Kh2 Kg8 33. Qc1 Be8 34. g4 hxg4 35. hxg4 Qe7 36. Kg3 Bf7 37. g5 Kf8
38. Qc3 Kg8 39. Kf2 Kh7 40. Kg3 Kg8 41. Kf2 Qd7 42. Qc2 Qf5 43. Qxf5 gxf5 44.
Ke3 1/2-1/2

[Event "Frankfurt"]
[Site "Frankfurt"]
[Date "1990.??.??"]
[Round "?"]
[White "Uhlmann, Wolfgang"]
[Black "Werner, Dimo"]
[Result "1-0"]
[WhiteElo "2505"]
[BlackElo "2350"]
[Annotator "Ribli,Z"]
[PlyCount "97"]
[EventDate "1990.??.??"]
[EventType "tourn"]
[EventRounds "13"]
[EventCountry "GER"]
[EventCategory "7"]
[SourceTitle "CBM 020"]
[Source "ChessBase"]
[SourceDate "1991.02.01"]
[SourceVersion "1"]
[SourceVersionDate "1991.02.01"]
[SourceQuality "1"]

1. c4 g6 2. e4 Bg7 3. d4 d6 4. Nc3 e5 5. dxe5 dxe5 6. Qxd8+ Kxd8 7. Bg5+ (7. f4
Be6 8. Nf3 Nd7 9. Be2 {Suba,M-Azmayparashvili,Z Reykjavik Summit 1990 CBM/18})
7... f6 8. O-O-O+ Nd7 9. Be3 Bh6 10. Bxh6 Nxh6 11. g3 (11. h4 c6 12. h5 Ke7 13.
hxg6 hxg6 14. Nf3 Nf8 15. Nh4 Be6 16. Be2 Rd8 $10 {Janosevic-Benkö Majdanpek
1976}) 11... c6 12. Bh3 Ke7 13. f4 exf4 14. gxf4 Nc5 15. b4 Ne6 16. Nge2 a5 17.
a3 axb4 18. axb4 Nf7 19. c5 Nd4 20. Nxd4 Bxh3 21. Kb2 Be6 22. Rhe1 Bg4 23. Rd3
Rhd8 24. h3 Bd7 25. Ree3 g5 $6 26. Nf5+ $1 Kf8 27. fxg5 Bxf5 28. exf5 Rxd3 29.
Rxd3 Ne5 30. Rg3 fxg5 31. Rxg5 Re8 32. f6 Nf7 33. Rg4 Re3 34. Rd4 Ne5 35. Rh4
Kf7 36. Ne4 $1 h5 37. Kc2 Ng6 38. Nd6+ Kxf6 39. Rxh5 Ne5 40. Nxb7 Nd3 41. Kd2
Rg3 42. Nd6 Kg6 43. Rh8 Kg7 44. Rd8 Rxh3 45. Nf5+ Kf6 46. Rxd3 Rh2+ 47. Kc3
Kxf5 48. Rd6 Rh3+ 49. Kc4 1-0

[Event "Stockholm"]
[Site "Stockholm"]
[Date "1990.??.??"]
[Round "?"]
[White "Cramling, Pia"]
[Black "Johansson, Jan"]
[Result "1/2-1/2"]
[WhiteElo "2505"]
[BlackElo "2460"]
[Annotator "Ribli,Z"]
[PlyCount "104"]
[EventDate "1990.??.??"]
[EventType "tourn"]
[EventRounds "9"]
[EventCountry "SWE"]
[EventCategory "11"]
[SourceTitle "CBM 022"]
[Source "ChessBase"]
[SourceDate "1991.06.01"]
[SourceVersion "1"]
[SourceVersionDate "1991.06.01"]
[SourceQuality "1"]

1. d4 g6 2. c4 Bg7 3. Nc3 d6 4. e4 Nc6 5. d5 Nd4 6. Be3 c5 7. Nge2 Qb6 8. Na4
Qa5+ 9. Bd2 Qa6 10. Nxd4 Bxd4 11. Nc3 Bd7 12. Bd3 Nf6 (12... Bg7 13. f4 Nf6 14.
e5 Ng8 15. Qe2 $16 {Horvath,C-Kaber,R Mitropa-Cup 1990 CBM/20}) 13. O-O O-O 14.
a4 (14. h3 $5) 14... Qb6 15. Qc2 (15. a5 $5) 15... Ng4 16. Nb5 Bxb5 17. axb5
Qd8 18. Be2 Ne5 19. Ba5 Qc8 20. Bc3 Bxc3 21. Qxc3 a6 22. bxa6 Rxa6 23. Rxa6
bxa6 24. f4 Nd7 25. Bg4 Qb7 26. e5 Rb8 27. b3 Nf8 28. Bd1 e6 $1 29. dxe6 Nxe6
30. f5 Nd4 $1 31. f6 Qe4 32. exd6 Qe5 33. Qc1 Qxd6 34. Qh6 Ne6 35. h3 Qe5 36.
Bg4 Qg5 37. Qxg5 Nxg5 38. Re1 h5 39. Bf3 Nxf3+ 40. gxf3 Rb6 (40... Rxb3 41.
Re8+ Kh7 42. Kg2 Rb6 43. Rc8 Rxf6 44. Rxc5 $15) 41. Re8+ Kh7 42. Rc8 Rxf6 43.
Kg2 h4 44. Rxc5 Rb6 45. Ra5 Rxb3 46. Rxa6 Rb2+ 47. Kf1 f5 48. c5 Kh6 49. Ra4
Rc2 50. Rxh4+ Kg5 51. Ra4 Rxc5 52. h4+ Kh5 1/2-1/2

[Event "Tan Chin Nam Cup 7th"]
[Site "Shanghai"]
[Date "2001.07.13"]
[Round "5"]
[White "Xu, Jun"]
[Black "Tkachiev, Vladislav"]
[Result "1-0"]
[WhiteElo "2655"]
[BlackElo "2642"]
[Annotator "Ribli,Z"]
[PlyCount "163"]
[EventDate "2001.07.09"]
[EventType "tourn"]
[EventRounds "9"]
[EventCountry "CHN"]
[EventCategory "16"]
[SourceTitle "CBM 085"]
[Source "ChessBase"]
[SourceDate "2001.11.13"]
[SourceVersion "1"]
[SourceVersionDate "2001.11.13"]
[SourceQuality "1"]

1. d4 d6 2. Nf3 g6 (2... Bg4) 3. c4 Bg7 4. Nc3 Bg4 (4... e5) 5. e4 {Meiner
Meinung nach ist dieser Zug weniger logisch - in der Folge bekommt Schwarz
gutes Spiel gegen den Pd4.} (5. e3) (5. g3) 5... Nc6 6. d5 (6. Be3 e5 (6...
Bxf3 7. gxf3 e5 8. d5 Nd4 9. f4 $13) 7. d5 Nd4 $11) 6... Nd4 7. Be3 (7. Be2
Bxf3 (7... Nxe2 8. Qxe2 c6 9. h3 Bxf3 10. Qxf3 Rc8 11. O-O Nf6 {1/2-1/2 Del
Mundo,A-Ashley,M/Framingham USA 2001/(33)}) 8. Bxf3 c5 9. Bg4 (9. Nb5 Nxf3+ 10.
Qxf3 Nf6 11. O-O O-O 12. Bd2 Qd7 13. Bc3 a6 14. Na3 b5 {0-1 Skreno,V-Petran,P/
Bratislava 2000/EXT 2001 (32)}) 9... Qa5 10. Bd2 Qa6 11. b3 Nf6 12. Rc1 O-O 13.
O-O Rab8 14. Re1 Qa3 15. Rb1 Nxg4 16. Qxg4 b5 {0-1 Mascarell Garcia,A-Coret
Frasquet,J/Mislata 2000/EXT 2001 (27)}) 7... c5 {[%csl Gd4] Schwarz hat starke
Kontrolle über das Feld d4.} (7... e5) 8. dxc6 Bxf3 (8... Nxc6 $11) 9. gxf3
Nxc6 $11 10. Qb3 (10. Qd2 Qa5 11. Rc1 Rc8 12. Be2 Nf6 13. b3 Qh5 14. h4 {
1/2-1/2 Van Harreveld,F-Van Putten,H/NLD-chT9495 1994/EXT 98 (63)}) 10... Nd4 (
10... Qd7 11. Rd1 {[%cal Gc4c5,Gd1d7]} b6 12. f4 Rc8 $11) 11. Qa4+ Nc6 $6 (
11... Qd7 $5 12. Bxd4 Bxd4 (12... Qxa4 13. Bxg7 $16) 13. Nb5 Kf8 $15 (13... Bb6
14. c5 dxc5 15. Rd1 Qc6 16. Nc7+ Bxc7 17. Bb5 $18) (13... Rc8 14. Bh3 Qxh3 15.
Nxd4+ Qd7 $13)) 12. Rd1 {Weiß kümmert sich nicht um seine Bauernstruktur - er
setzt auf aktives Spiel.} Bxc3+ 13. bxc3 {Weiß hat zwei Doppelbauern, dafür
aber auch das Läuferpaar. Anschließend möchte er die Stellung mit c4-c5 öffnen.
} Qc7 (13... Qa5 14. Qxa5 Nxa5 15. c5 dxc5 16. Bxc5 $14) 14. Bf4 {[%cal Gc4c5,
Gf4c7]} (14. c5 dxc5 15. Bxc5 Nf6 $11) 14... Qa5 (14... Nf6 15. c5 Rd8 16. Bb5
$14) 15. Qxa5 Nxa5 16. c5 $36 dxc5 17. Bb5+ Nc6 $6 (17... Kf8 $5) 18. Rd5 (18.
Be3 Rc8 19. Bxc5 a6 $11) 18... Rc8 19. Rxc5 $14 {[%csl Gb5,Gf4] Weiß hat ein
starkes Läuferpaar und Initiative am Damenflügel.} Nf6 20. Bxc6+ Rxc6 (20...
bxc6 21. Ra5 (21. Ke2 $14) 21... Ra8 22. Ke2 $14) 21. Rxc6 bxc6 22. Ke2 {
[%mdl 4096] Droht 23.Rb1 mit spürbarem positionellen Druck am Damenflügel.} Nh5
(22... Kd7 23. Rb1 $14 {[%cal Rb1b7,Rb7a7,Rb7d7]}) 23. Be3 (23. Be5 f6 24. Bd4
Nf4+ 25. Kd2 (25. Ke3 Ng2+) 25... Kf7 26. Rb1 Rd8 27. Kc2 Rd7 $11) 23... Kd7
24. Rb1 {[%cal Gb1b7]} (24. Bxa7 $6 Ra8 $11) 24... Kc7 (24... a5 25. Rb7+ Ke6
26. Ra7 $16) 25. Bxa7 Ra8 26. Bb6+ Kd6 (26... Kc8 27. Rb2 Nf4+ 28. Kd2 Ne6 $14)
27. Rd1+ Ke6 28. Ra1 {Weiß hat einen Mehrbauern, aber die Realisierung des
Materialvorteils fällt keineswegs leicht, da der schwarze Ra8 auf der a-Linie
aktiv ist} Ra4 29. Kd2 {[%cal Gd2c2,Gc2b3] Der weiße König strebt nach b3.} Nf6
{[%cal Gf6d7]} 30. Kc2 Nd7 31. Be3 (31. Bd4 c5 32. Be3) 31... c5 (31... Ne5 32.
Kb3 Ra5 33. f4 Rb5+ 34. Kc2 Nc4 35. a4 $16) 32. Kb3 Ra5 33. Rd1 (33. c4 $5 $16)
33... c4+ 34. Kxc4 (34. Kb2 $6 Ne5 $132) 34... Rxa2 (34... Ne5+ 35. Kb3 Nxf3
36. a4 $16) 35. Kb3 Ra8 36. c4 {[%csl Gc4] Der Freibauer auf c4 ist gefährlich
für Schwarz. Aufgrund des reduzierten Materials hat er jedoch noch Remischancen
} Ne5 37. f4 Nc6 38. Rd5 {[%cal Rf4f5,Rf5e6] Droht 39.f5+ mit Verbesserung der
weißen Bauernstruktur.} f5 39. exf5+ gxf5 40. Rd1 Rb8+ (40... Rg8) 41. Kc3 Rg8
{[%cal Gg8g2]} 42. Rb1 Rg2 43. Rb6 Kd7 44. Rb5 Rxh2 (44... Ke6) 45. Rxf5 Rh1 {
Der weiße Vorteil ist nur minimal - das Material ist weit reduziert, und Weiß
hat einen Doppelbauern auf der f-Linie.} 46. Kd3 Ke8 (46... h5) 47. Ke4 Kd7 {
Schwarz hat nichts besseres als Abwartezüge.} (47... e6 48. Rg5 h5 49. Rg7 $16)
48. Rf8 Na5 49. c5 Nc6 50. f5 Rh4+ 51. f4 (51. Kd5 $2 Nb4+ 52. Ke5 Nc6+ $11)
51... Rh6 52. Bf2 Rh2 (52... Rf6 53. Rxf6 (53. Rh8 $14) 53... exf6 54. Bh4 Ke7
$14) 53. Kf3 Rh3+ 54. Kg4 (54. Ke4) 54... Rh2 55. Be3 Rh6 56. Bf2 Rh2 57. Kf3 {
Weiß versucht seinen Gegner durch Zugwiederholungen einzuschläfern.} Rh3+ 58.
Ke4 Rh2 59. Be3 Rh6 {Dieselbe Stellung war schon nach 51...Rh6 auf dem Brett.}
60. Bd2 (60. Bf2 $2 {Nun könnte Schwarz durch 60...Rh2 dreifache
Stellungswiederholung erreichen, s. Stellung nach 52. und 58.Zug}) 60... Rh2
61. Bc3 Rc2 62. Kd3 Rf2 (62... Rh2 $14) 63. Bd2 Rf3+ 64. Ke4 Ra3 (64... Rh3 $14
) 65. f6 Ra4+ (65... exf6 66. Rxf6 $16) 66. Kf3 Nd4+ 67. Kg4 Ne6 $2 {[%cal
Re6c5,Re6f8]} (67... exf6 68. Rxf6 $16) 68. c6+ $1 {[%mdl 64]} (68. Rf7 Nxc5
69. Rxe7+ $16) 68... Kd6 (68... Kxc6 69. fxe7 $18) 69. c7 Nxc7 (69... Kxc7 70.
fxe7 $18) 70. f7 {[%csl Gf7]} Ne6 71. Rd8+ Kc7 (71... Nxd8 72. f8=Q $18) 72.
Re8 (72. f8=Q Nxf8 73. Rxf8 e5 $14) 72... Kd7 73. Kg3 $1 {[%cal Rf4f5,Rf5e6]}
Ra3+ 74. Kf2 Ra2 75. f5 $18 {Nach diesem Zug ist Schwarz machtlos - der Pf7
entscheidet die Partie für Weiß.} (75. Ke1 Ra1+ 76. Ke2 $18) 75... Rxd2+ 76.
Ke3 Rd6 77. fxe6+ Rxe6+ 78. Kd4 Rd6+ {Schwarz kann aufgeben, er muss den Turm
für den f-Bauern geben.} 79. Kc5 Rc6+ 80. Kb5 Rf6 81. f8=Q Rxf8 82. Rxf8 1-0

[Event "New York op"]
[Site "New York"]
[Date "1998.03.19"]
[Round "6"]
[White "Shulman, Yuri"]
[Black "Rogers, Ian"]
[Result "1/2-1/2"]
[WhiteElo "2480"]
[BlackElo "2570"]
[Annotator "Ribli,Z"]
[PlyCount "72"]
[EventDate "1998.03.16"]
[EventType "swiss"]
[EventRounds "9"]
[EventCountry "USA"]
[SourceTitle "CBM 064"]
[Source "ChessBase"]
[SourceDate "1998.06.02"]
[SourceVersion "1"]
[SourceVersionDate "1998.06.02"]
[SourceQuality "1"]

1. d4 d6 2. Nf3 g6 3. c4 Bg7 4. Nc3 e5 5. e4 {Dieser Zug führt in
Hauptvarianten, aber in dieser Zugfolge kommt auch die Variante mit
Damentausch in Betracht. Ribli.} (5. dxe5 dxe5 6. Qxd8+ Kxd8 7. Bd2 Be6 8.
O-O-O Nd7 (8... Bxc4 $2 9. Bg5+ Kc8 (9... Ke8 10. Rd8#) 10. Rd8#) 9. Ng5 Bxc4
10. e4 Bxf1 11. Rhxf1 Nh6 12. f4 $1 $44 {[%csl Rd8][%cal Gd1d8,Gf1f7]}) 5...
exd4 6. Nxd4 Nc6 {[%csl Yd4][%cal Gg7a1] Schwarz kontrolliert das wichtige
Zentrumsfeld d4.} 7. Be3 Nge7 8. Be2 O-O 9. O-O f5 10. Nxc6 (10. exf5 Bxd4 11.
Bxd4 Nxf5 {[%csl Rd4]} 12. Be3 Nxe3 13. fxe3 $11 {[%csl Re3]}) 10... Nxc6 (
10... bxc6 11. Bd4 Bxd4 12. Qxd4 c5 13. Qd2 Bb7 14. Bf3 Rb8 15. Rfe1 f4 16.
Rad1 Nc8 17. Qd3 Qg5 18. Nb5 Rf7 19. e5 Bxf3 20. Qxf3 dxe5 21. Rd5 $36 {
Shipov,S-Zagorskis,D/Open, Cappelle la Grande FRA 1998/1/2-1/2 (50)}) 11. Qd2 (
11. exf5 Bxf5 12. Qd2 Qd7 13. Rad1 b6 14. f4 Rae8 15. Bf3 Kh8 16. Nd5 Be4 17.
b4 Bxd5 18. cxd5 Nxb4 19. Bxb6 axb6 20. Qxb4 Ra8 21. Qb3 Rxf4 22. Be2 Qf5 23.
g3 Rxf1+ 24. Rxf1 Qe4 $15 {Lorscheid,G-Sokolov,A/2.BLS 1995/1/2-1/2 (64)})
11... Qf6 {In dieser Stellung haben beide Spieler lebendiges Figurenspiel.
Weiß kontrolliert den Punkt d5 und Schwarz d4. Schwarz hat einen starken
Läufer in der langen Diagonalen, aber seine Königsstellung ist ein wenig
geschwächt.} (11... fxe4 12. Nxe4 Bf5 13. Nc3 Qf6 {Das führt zur
Partiefortsetzung.}) 12. exf5 Bxf5 13. Bf3 $146 {[%csl Yd4,Yd5][%cal Gf3a8,
Gg7a1] Der weiße Läufer f3 kontrolliert wie der schwarze auf g7 eine lange
Diagonale.} (13. Rad1 $5 Kh8 (13... Rae8 14. Nd5 Qd8 (14... Qf7 15. c5 Be6 16.
cxd6 cxd6 17. b3 Be5 18. Bh6 {1-0 Braeuning,R-Blodig,R/BL2-S 1989 (40)}) 15. c5
Rf7 16. cxd6 Qxd6 17. Bb5 Bd7 18. Qc1 g5 19. Nb6 Qe5 20. Rd5 axb6 21. Rxe5 Nxe5
22. Bxd7 Rxd7 23. Bxg5 $16 {1-0 Heyken,E-Kamstra,C/Groningen op 1988 (34)}) (
13... Ne5 14. h3 Qf7 15. b3 Kh8 16. f4 Nc6 17. Bf3 {1/2-1/2 Andersen,
J-Pedersen,S/DEN-chB 1993 (61)}) 14. Nd5 (14. f4 Rae8 15. Bf3 Na5 16. Nd5 Nxc4
17. Qc1 (17. Nxf6 Nxd2 $17) 17... Qxb2 18. Qxc4 c6 $17 {[%csl Rd5,Re3][%cal
Ge8e3]}) 14... Qf7 15. Rfe1 (15. Bh6 Rae8 16. Bxg7+ Qxg7 17. f4 Re4 $11 {
[%csl Yd4]}) (15. b4 b6 $11 (15... Rae8 16. c5 $36)) (15. f4 Rae8 16. b4 b6 17.
a3 (17. Bf3 Be4 $1 $11) 17... Nd8 $11 {[%cal Gd8e6,Ge6d4]}) 15... Ne5 16. f4
Ng4 17. Bd4 Rae8 18. h3 Nf6 19. Bf3 Be6 20. Nxf6 Bxf6 21. Bxb7 Rb8 22. Bc6 Bxc4
23. b3 Bb5 24. Bd5 $14 {1-0 Fedorowicz,J-Gawehns,K/Porz 1988 (42)}) 13... Kh8 {
Ein guter prophylaktischer Zug. Der König befindet sich auf h8 in Sicherheit.}
14. Rad1 Rae8 15. Bg5 Qd4 $11 (15... Qf7 $11) 16. Nb5 {[%csl Rc7]} (16. Bxc6
Qxd2 17. Rxd2 bxc6 {[%cal Gc6d5] Der Bauer c6 verteidigt das Feld d5 und
Schwarz spielt mit Läuferpaar.} 18. h3 $11) (16. Qxd4 Nxd4 17. Bxb7 Rb8 (17...
Ne2+ 18. Nxe2 Rxe2 $11 {[%csl Ge2][%cal Gg7b2]}) 18. Bd5 Rxb2 $15 {[%csl Gb2,
Gd4]}) 16... Qxd2 17. Rxd2 Ne5 {[%cal Re5c4,Re5f3]} (17... Rf7 18. Bd5 (18.
Bxc6 bxc6 19. Nxa7 Bd7 $13 {[%csl Ra7]}) 18... Be6 $11 (18... Rd7 19. Bxc6 bxc6
20. Nxa7 $14 {[%cal Ra7c6]})) 18. Be2 (18. Nxc7 Rc8 (18... Nxf3+ 19. gxf3 Rc8
20. Nb5 (20. Nd5 Rxc4 $11) 20... Rxc4 21. Nxd6 $14) 19. Nb5 Nxc4 $13 {[%csl
Gc4,Gf5,Gg7]}) 18... a6 19. Nxc7 (19. Nc3 $11) 19... Rc8 20. f4 (20. Nd5 Nxc4
21. Bxc4 Rxc4 {Die schwarze Struktur weist eine Schwäche auf d6 auf, aber das
Läuferpaar ist gut plaziert.}) 20... Nxc4 (20... Rxc7 21. fxe5 dxe5 22. g4 Be6
23. Rxf8+ Bxf8 24. Bf6+ (24. Rd8 Kg7 $11) 24... Bg7 25. Rd8+ Bg8 26. Bxg7+ Kxg7
$11) 21. Bxc4 Rxc7 22. Bb3 (22. Bd5 $5) 22... Be4 {[%csl Ge4] Schwarz hat mit
dem Bauern d6 nur eine positionelle Schwäche. Wegen der schönen Aufstellung
des Läuferpaars auf den langen Diagonalen steht er sicher nicht schlechter.}
23. Re1 (23. Rxd6 Bxb2 $11) 23... d5 24. Bxd5 Bxd5 25. Rxd5 Bxb2 {Theoretisch
steht Schwarz wegen der Bauernmehrheit am Damenflügel etwas besser.} 26. Bh6 {
[%csl Gh6]} Bg7 27. Bxg7+ Kxg7 28. Rd4 b5 {Schwarz beabsichtigt, einen
entfernten Freibauern zu bilden.} 29. Kf2 h5 30. Kf3 Rf6 31. a4 {Die Stellung
ist gleich. Der schwarze Freibauern ist leicht aufzuhalten und vier Türme
machen die Punkteteilung sehr wahrscheinlich.} Rfc6 (31... bxa4 32. Rxa4 $11)
32. axb5 axb5 33. Rb4 Rc3+ (33... Rb7 34. h3 {und Weiß spielt g2-g4 mit
gleichen Chancen.}) 34. Re3 Rxe3+ 35. Kxe3 Rb7 36. h3 Kf6 {und in dieser
ausgeglichenen Stellung wurde Remis gegeben. Auch die weiße Bauernmehrheit am
Königsflügel kann mit g2-g4 mobilisiert werden und einen Freibauern bilden.}
1/2-1/2